Research Paper No.24 A Compendium Of Ghana Afrobarometer Round 5&6 Survey Findings (Record no. 5822)
[ view plain ]
| 000 -LEADER | |
|---|---|
| fixed length control field | 00619nam a22001697a 4500 |
| 003 - CONTROL NUMBER IDENTIFIER | |
| control field | OSt |
| 005 - DATE AND TIME OF LATEST TRANSACTION | |
| control field | 20251208144954.0 |
| 008 - FIXED-LENGTH DATA ELEMENTS--GENERAL INFORMATION | |
| fixed length control field | 251208b |||||||| |||| 00| 0 eng d |
| 041 ## - LANGUAGE CODE | |
| Language code of text/sound track or separate title | English |
| 082 ## - DEWEY DECIMAL CLASSIFICATION NUMBER | |
| Classification number | PER/061/15 |
| 110 ## - MAIN ENTRY--CORPORATE NAME | |
| Corporate name or jurisdiction name as entry element | The Ghana Center For Democratic Development(CDD-Ghana) |
| 245 ## - TITLE STATEMENT | |
| Title | Research Paper No.24 A Compendium Of Ghana Afrobarometer Round 5&6 Survey Findings |
| 260 ## - PUBLICATION, DISTRIBUTION, ETC. | |
| Place of publication, distribution, etc. | Accra: |
| Name of publisher, distributor, etc. | The Ghana Center For Democratic Development (CDD-Ghana), |
| Date of publication, distribution, etc. | 2015. |
| 300 ## - PHYSICAL DESCRIPTION | |
| Extent | 95p.: graph, tabs. |
| 653 ## - INDEX TERM--UNCONTROLLED | |
| Uncontrolled term | Research Paper 24 A Compendium Of Ghana Afrobarometer Rounds 5&6 Survey Findings |
| 942 ## - ADDED ENTRY ELEMENTS (KOHA) | |
| Source of classification or shelving scheme | Dewey Decimal Classification |
| Koha item type | Periodicals |
| Suppress in OPAC | No |
| Withdrawn status | Lost status | Source of classification or shelving scheme | Damaged status | Not for loan | Home library | Current library | Shelving location | Date acquired | Total checkouts | Full call number | Date last seen | Price effective from | Koha item type |
|---|---|---|---|---|---|---|---|---|---|---|---|---|---|
| Dewey Decimal Classification | Main Library | Main Library | Open Shelves | 08/12/2025 | PER/061/15 | 08/12/2025 | 08/12/2025 | Periodicals | |||||
| Dewey Decimal Classification | Main Library | Main Library | Open Shelves | 08/12/2025 | 08/12/2025 | 08/12/2025 | Periodicals |